000
00201 a2200097 4500
001
10895
100
_a
Gates, A.
245
_a
Educational Psychology
260
_a
_b
Macmillan
_c
090
_c
8468
_d
8468
942
_a
NUST-CAE
_c
M
_c
35231
999
_c
245968
_d
245968